<?xml version="1.0" encoding="UTF-8"?>
<record
    xmlns:xsi="http://www.w3.org/2001/XMLSchema-instance"
    xsi:schemaLocation="http://www.loc.gov/MARC21/slim http://www.loc.gov/standards/marcxml/schema/MARC21slim.xsd"
    xmlns="http://www.loc.gov/MARC21/slim">

  <leader>00880cam a2200265 a 4500</leader>
  <controlfield tag="001">5909</controlfield>
  <controlfield tag="003">FISKH</controlfield>
  <controlfield tag="005">20250815104508.0</controlfield>
  <controlfield tag="008">071218r20071999nyua   b      000 1 eng  </controlfield>
  <datafield tag="010" ind1=" " ind2=" ">
    <subfield code="a">  2007043937</subfield>
  </datafield>
  <datafield tag="020" ind1=" " ind2=" ">
    <subfield code="a">9780698400528</subfield>
  </datafield>
  <datafield tag="040" ind1=" " ind2=" ">
    <subfield code="a">DLC</subfield>
    <subfield code="c">DLC</subfield>
    <subfield code="d">DLC</subfield>
    <subfield code="b">eng</subfield>
  </datafield>
  <datafield tag="050" ind1=" " ind2=" ">
    <subfield code="a">PZ7.C234937 A1</subfield>
  </datafield>
  <datafield tag="082" ind1=" " ind2=" ">
    <subfield code="a"> 823.8 </subfield>
  </datafield>
  <datafield tag="100" ind1="1" ind2=" ">
    <subfield code="a">Carroll, Lewis,</subfield>
    <subfield code="d">1832-1898.</subfield>
  </datafield>
  <datafield tag="245" ind1="1" ind2="0">
    <subfield code="a">Alice adventures in wonderland /</subfield>
    <subfield code="c">By Lewis Carroll</subfield>
  </datafield>
  <datafield tag="260" ind1=" " ind2=" ">
    <subfield code="a">Phnom Penh : </subfield>
    <subfield code="b">Footprint International School, </subfield>
    <subfield code="c">2025.</subfield>
  </datafield>
  <datafield tag="300" ind1=" " ind2=" ">
    <subfield code="a">93 pages : </subfield>
    <subfield code="c">21 cm </subfield>
  </datafield>
  <datafield tag="520" ind1=" " ind2=" ">
    <subfield code="a">A little girl falls down a rabbit hole and discovers a world of nonsensical and amusing characters.</subfield>
  </datafield>
  <datafield tag="650" ind1=" " ind2="1">
    <subfield code="a">Fantasy.</subfield>
    <subfield code="2">Adventure </subfield>
    <subfield code="v">Alice in Wonderland </subfield>
    <subfield code="x">Children's literature</subfield>
  </datafield>
  <datafield tag="700" ind1="1" ind2=" ">
    <subfield code="a">Zwerger, Lisbeth,</subfield>
    <subfield code="e">ill.</subfield>
  </datafield>
  <datafield tag="906" ind1=" " ind2=" ">
    <subfield code="a">7</subfield>
    <subfield code="b">cbc</subfield>
    <subfield code="c">orignew</subfield>
    <subfield code="d">1</subfield>
    <subfield code="e">ecip</subfield>
    <subfield code="f">20</subfield>
    <subfield code="g">y-gencatlg</subfield>
  </datafield>
  <datafield tag="942" ind1=" " ind2=" ">
    <subfield code="2">ddc</subfield>
    <subfield code="c">BK</subfield>
    <subfield code="n">0</subfield>
  </datafield>
  <datafield tag="999" ind1=" " ind2=" ">
    <subfield code="c">5909</subfield>
    <subfield code="d">5909</subfield>
  </datafield>
  <datafield tag="952" ind1=" " ind2=" ">
    <subfield code="0">0</subfield>
    <subfield code="1">0</subfield>
    <subfield code="2">ddc</subfield>
    <subfield code="4">0</subfield>
    <subfield code="7">0</subfield>
    <subfield code="8">FIC</subfield>
    <subfield code="a">001</subfield>
    <subfield code="b">001</subfield>
    <subfield code="c">CSS</subfield>
    <subfield code="d">2025-02-04</subfield>
    <subfield code="l">0</subfield>
    <subfield code="o">CAR 823.8 PZ7.C234937 A1 </subfield>
    <subfield code="p">2025-0151</subfield>
    <subfield code="r">2025-02-04 11:46:06</subfield>
    <subfield code="t">1</subfield>
    <subfield code="w">2025-02-04</subfield>
    <subfield code="y">BK</subfield>
  </datafield>
  <datafield tag="952" ind1=" " ind2=" ">
    <subfield code="0">0</subfield>
    <subfield code="1">0</subfield>
    <subfield code="2">ddc</subfield>
    <subfield code="4">0</subfield>
    <subfield code="7">0</subfield>
    <subfield code="8">FIC</subfield>
    <subfield code="a">001</subfield>
    <subfield code="b">001</subfield>
    <subfield code="c">CSS</subfield>
    <subfield code="d">2025-02-04</subfield>
    <subfield code="l">0</subfield>
    <subfield code="o">CAR 823.8 PZ7.C234937 A1 </subfield>
    <subfield code="p">2025-0152</subfield>
    <subfield code="r">2025-02-04 11:46:12</subfield>
    <subfield code="t">2</subfield>
    <subfield code="w">2025-02-04</subfield>
    <subfield code="y">BK</subfield>
  </datafield>
  <datafield tag="952" ind1=" " ind2=" ">
    <subfield code="0">0</subfield>
    <subfield code="1">0</subfield>
    <subfield code="2">ddc</subfield>
    <subfield code="4">0</subfield>
    <subfield code="7">0</subfield>
    <subfield code="8">FIC</subfield>
    <subfield code="a">001</subfield>
    <subfield code="b">001</subfield>
    <subfield code="c">CSS</subfield>
    <subfield code="d">2025-02-04</subfield>
    <subfield code="l">0</subfield>
    <subfield code="o">CAR 823.8 PZ7.C234937 A1 </subfield>
    <subfield code="p">2025-0153</subfield>
    <subfield code="r">2025-02-04 11:46:18</subfield>
    <subfield code="t">3</subfield>
    <subfield code="w">2025-02-04</subfield>
    <subfield code="y">BK</subfield>
  </datafield>
  <datafield tag="952" ind1=" " ind2=" ">
    <subfield code="0">0</subfield>
    <subfield code="1">0</subfield>
    <subfield code="2">ddc</subfield>
    <subfield code="4">0</subfield>
    <subfield code="7">0</subfield>
    <subfield code="8">FIC</subfield>
    <subfield code="a">001</subfield>
    <subfield code="b">001</subfield>
    <subfield code="c">CSS</subfield>
    <subfield code="d">2025-02-04</subfield>
    <subfield code="l">0</subfield>
    <subfield code="o">CAR 823.8 PZ7.C234937 A1 </subfield>
    <subfield code="p">2025-0154</subfield>
    <subfield code="r">2025-02-04 11:46:25</subfield>
    <subfield code="t">4</subfield>
    <subfield code="w">2025-02-04</subfield>
    <subfield code="y">BK</subfield>
  </datafield>
  <datafield tag="952" ind1=" " ind2=" ">
    <subfield code="0">0</subfield>
    <subfield code="1">0</subfield>
    <subfield code="2">ddc</subfield>
    <subfield code="4">0</subfield>
    <subfield code="7">0</subfield>
    <subfield code="8">FIC</subfield>
    <subfield code="a">001</subfield>
    <subfield code="b">001</subfield>
    <subfield code="c">CSS</subfield>
    <subfield code="d">2025-02-04</subfield>
    <subfield code="l">0</subfield>
    <subfield code="o">CAR 823.8 PZ7.C234937 A1 </subfield>
    <subfield code="p">2025-0155</subfield>
    <subfield code="r">2025-02-04 11:46:32</subfield>
    <subfield code="t">5</subfield>
    <subfield code="w">2025-02-04</subfield>
    <subfield code="y">BK</subfield>
  </datafield>
  <datafield tag="952" ind1=" " ind2=" ">
    <subfield code="0">0</subfield>
    <subfield code="1">0</subfield>
    <subfield code="2">ddc</subfield>
    <subfield code="4">0</subfield>
    <subfield code="7">0</subfield>
    <subfield code="8">FIC</subfield>
    <subfield code="a">001</subfield>
    <subfield code="b">001</subfield>
    <subfield code="c">CSS</subfield>
    <subfield code="d">2025-02-04</subfield>
    <subfield code="l">0</subfield>
    <subfield code="o">CAR 823.8 PZ7.C234937 A1 </subfield>
    <subfield code="p">2025-0156</subfield>
    <subfield code="r">2025-02-04 11:46:39</subfield>
    <subfield code="t">6</subfield>
    <subfield code="w">2025-02-04</subfield>
    <subfield code="y">BK</subfield>
  </datafield>
  <datafield tag="952" ind1=" " ind2=" ">
    <subfield code="0">0</subfield>
    <subfield code="1">0</subfield>
    <subfield code="2">ddc</subfield>
    <subfield code="4">0</subfield>
    <subfield code="7">0</subfield>
    <subfield code="8">FIC</subfield>
    <subfield code="a">001</subfield>
    <subfield code="b">001</subfield>
    <subfield code="c">CSS</subfield>
    <subfield code="d">2025-02-04</subfield>
    <subfield code="l">0</subfield>
    <subfield code="o">CAR 823.8 PZ7.C234937 A1 </subfield>
    <subfield code="p">2025-0157</subfield>
    <subfield code="r">2025-02-04 11:46:48</subfield>
    <subfield code="t">7</subfield>
    <subfield code="w">2025-02-04</subfield>
    <subfield code="y">BK</subfield>
  </datafield>
  <datafield tag="952" ind1=" " ind2=" ">
    <subfield code="0">0</subfield>
    <subfield code="1">0</subfield>
    <subfield code="2">ddc</subfield>
    <subfield code="4">0</subfield>
    <subfield code="7">0</subfield>
    <subfield code="8">FIC</subfield>
    <subfield code="a">001</subfield>
    <subfield code="b">001</subfield>
    <subfield code="c">CSS</subfield>
    <subfield code="d">2025-02-04</subfield>
    <subfield code="l">1</subfield>
    <subfield code="o">CAR 823.8 PZ7.C234937 A1 </subfield>
    <subfield code="p">2025-0158</subfield>
    <subfield code="r">2025-06-19 13:18:08</subfield>
    <subfield code="s">2025-05-21</subfield>
    <subfield code="t">8</subfield>
    <subfield code="w">2025-02-04</subfield>
    <subfield code="y">BK</subfield>
  </datafield>
  <datafield tag="952" ind1=" " ind2=" ">
    <subfield code="0">0</subfield>
    <subfield code="1">0</subfield>
    <subfield code="2">ddc</subfield>
    <subfield code="4">0</subfield>
    <subfield code="7">0</subfield>
    <subfield code="8">FIC</subfield>
    <subfield code="a">001</subfield>
    <subfield code="b">001</subfield>
    <subfield code="c">CSS</subfield>
    <subfield code="d">2025-02-04</subfield>
    <subfield code="l">0</subfield>
    <subfield code="o">CAR 823.8 PZ7.C234937 A1 </subfield>
    <subfield code="p">2025-0159</subfield>
    <subfield code="r">2025-02-04 11:47:07</subfield>
    <subfield code="t">9</subfield>
    <subfield code="w">2025-02-04</subfield>
    <subfield code="y">BK</subfield>
  </datafield>
  <datafield tag="952" ind1=" " ind2=" ">
    <subfield code="0">0</subfield>
    <subfield code="1">0</subfield>
    <subfield code="2">ddc</subfield>
    <subfield code="4">0</subfield>
    <subfield code="7">0</subfield>
    <subfield code="8">FIC</subfield>
    <subfield code="a">001</subfield>
    <subfield code="b">001</subfield>
    <subfield code="c">CSS</subfield>
    <subfield code="d">2025-02-04</subfield>
    <subfield code="l">1</subfield>
    <subfield code="o">CAR 823.8 PZ7.C234937 A1 </subfield>
    <subfield code="p">2025-0160</subfield>
    <subfield code="r">2025-03-12 10:09:11</subfield>
    <subfield code="s">2025-02-24</subfield>
    <subfield code="t">10</subfield>
    <subfield code="w">2025-02-04</subfield>
    <subfield code="y">BK</subfield>
  </datafield>
  <datafield tag="952" ind1=" " ind2=" ">
    <subfield code="0">0</subfield>
    <subfield code="1">0</subfield>
    <subfield code="2">ddc</subfield>
    <subfield code="4">0</subfield>
    <subfield code="7">0</subfield>
    <subfield code="8">FIC</subfield>
    <subfield code="a">001</subfield>
    <subfield code="b">001</subfield>
    <subfield code="c">CSS</subfield>
    <subfield code="d">2025-02-04</subfield>
    <subfield code="l">0</subfield>
    <subfield code="o">CAR 823.8 PZ7.C234937 A1 </subfield>
    <subfield code="p">2025-0161</subfield>
    <subfield code="r">2025-02-04 11:48:10</subfield>
    <subfield code="t">11</subfield>
    <subfield code="w">2025-02-04</subfield>
    <subfield code="y">BK</subfield>
  </datafield>
  <datafield tag="952" ind1=" " ind2=" ">
    <subfield code="0">0</subfield>
    <subfield code="1">0</subfield>
    <subfield code="2">ddc</subfield>
    <subfield code="4">0</subfield>
    <subfield code="7">0</subfield>
    <subfield code="8">FIC</subfield>
    <subfield code="a">001</subfield>
    <subfield code="b">001</subfield>
    <subfield code="c">CSS</subfield>
    <subfield code="d">2025-02-04</subfield>
    <subfield code="l">0</subfield>
    <subfield code="o">CAR 823.8 PZ7.C234937 A1 </subfield>
    <subfield code="p">2025-0162</subfield>
    <subfield code="r">2025-02-04 11:48:20</subfield>
    <subfield code="t">12</subfield>
    <subfield code="w">2025-02-04</subfield>
    <subfield code="y">BK</subfield>
  </datafield>
  <datafield tag="952" ind1=" " ind2=" ">
    <subfield code="0">0</subfield>
    <subfield code="1">0</subfield>
    <subfield code="2">ddc</subfield>
    <subfield code="4">0</subfield>
    <subfield code="7">0</subfield>
    <subfield code="8">FIC</subfield>
    <subfield code="a">001</subfield>
    <subfield code="b">001</subfield>
    <subfield code="c">CSS</subfield>
    <subfield code="d">2025-02-04</subfield>
    <subfield code="l">0</subfield>
    <subfield code="o">CAR 823.8 PZ7.C234937 A1 </subfield>
    <subfield code="p">2025-0163</subfield>
    <subfield code="r">2025-02-04 11:48:27</subfield>
    <subfield code="t">13</subfield>
    <subfield code="w">2025-02-04</subfield>
    <subfield code="y">BK</subfield>
  </datafield>
  <datafield tag="952" ind1=" " ind2=" ">
    <subfield code="0">0</subfield>
    <subfield code="1">0</subfield>
    <subfield code="2">ddc</subfield>
    <subfield code="4">0</subfield>
    <subfield code="7">0</subfield>
    <subfield code="8">FIC</subfield>
    <subfield code="a">001</subfield>
    <subfield code="b">001</subfield>
    <subfield code="c">CSS</subfield>
    <subfield code="d">2025-02-04</subfield>
    <subfield code="l">0</subfield>
    <subfield code="o">CAR 823.8 PZ7.C234937 A1 </subfield>
    <subfield code="p">2025-0164</subfield>
    <subfield code="r">2025-02-04 11:48:35</subfield>
    <subfield code="t">14</subfield>
    <subfield code="w">2025-02-04</subfield>
    <subfield code="y">BK</subfield>
  </datafield>
  <datafield tag="952" ind1=" " ind2=" ">
    <subfield code="0">0</subfield>
    <subfield code="1">0</subfield>
    <subfield code="2">ddc</subfield>
    <subfield code="4">0</subfield>
    <subfield code="7">0</subfield>
    <subfield code="8">FIC</subfield>
    <subfield code="a">001</subfield>
    <subfield code="b">001</subfield>
    <subfield code="c">CSS</subfield>
    <subfield code="d">2025-02-04</subfield>
    <subfield code="l">0</subfield>
    <subfield code="o">CAR 823.8 PZ7.C234937 A1 </subfield>
    <subfield code="p">2025-0165</subfield>
    <subfield code="r">2025-02-04 11:48:43</subfield>
    <subfield code="t">15</subfield>
    <subfield code="w">2025-02-04</subfield>
    <subfield code="y">BK</subfield>
  </datafield>
  <datafield tag="952" ind1=" " ind2=" ">
    <subfield code="0">0</subfield>
    <subfield code="1">0</subfield>
    <subfield code="2">ddc</subfield>
    <subfield code="4">0</subfield>
    <subfield code="7">0</subfield>
    <subfield code="8">FIC</subfield>
    <subfield code="a">001</subfield>
    <subfield code="b">001</subfield>
    <subfield code="c">CSS</subfield>
    <subfield code="d">2025-02-04</subfield>
    <subfield code="l">0</subfield>
    <subfield code="o">CAR 823.8 PZ7.C234937 A1 </subfield>
    <subfield code="p">2025-0166</subfield>
    <subfield code="r">2025-02-04 11:51:30</subfield>
    <subfield code="t">16</subfield>
    <subfield code="w">2025-02-04</subfield>
    <subfield code="y">BK</subfield>
  </datafield>
  <datafield tag="952" ind1=" " ind2=" ">
    <subfield code="0">0</subfield>
    <subfield code="1">0</subfield>
    <subfield code="2">ddc</subfield>
    <subfield code="4">0</subfield>
    <subfield code="7">0</subfield>
    <subfield code="8">FIC</subfield>
    <subfield code="a">001</subfield>
    <subfield code="b">001</subfield>
    <subfield code="c">CSS</subfield>
    <subfield code="d">2025-02-04</subfield>
    <subfield code="l">0</subfield>
    <subfield code="o">CAR 823.8 PZ7.C234937 A1 </subfield>
    <subfield code="p">2025-0167</subfield>
    <subfield code="r">2025-02-04 12:08:41</subfield>
    <subfield code="t">17</subfield>
    <subfield code="w">2025-02-04</subfield>
    <subfield code="y">BK</subfield>
  </datafield>
  <datafield tag="952" ind1=" " ind2=" ">
    <subfield code="0">0</subfield>
    <subfield code="1">0</subfield>
    <subfield code="2">ddc</subfield>
    <subfield code="4">0</subfield>
    <subfield code="7">0</subfield>
    <subfield code="8">FIC</subfield>
    <subfield code="a">001</subfield>
    <subfield code="b">001</subfield>
    <subfield code="c">CSS</subfield>
    <subfield code="d">2025-02-04</subfield>
    <subfield code="l">0</subfield>
    <subfield code="o">CAR 823.8 PZ7.C234937 A1 </subfield>
    <subfield code="p">2025-0168</subfield>
    <subfield code="r">2025-02-04 12:08:50</subfield>
    <subfield code="t">18</subfield>
    <subfield code="w">2025-02-04</subfield>
    <subfield code="y">BK</subfield>
  </datafield>
  <datafield tag="952" ind1=" " ind2=" ">
    <subfield code="0">0</subfield>
    <subfield code="1">0</subfield>
    <subfield code="2">ddc</subfield>
    <subfield code="4">0</subfield>
    <subfield code="7">0</subfield>
    <subfield code="8">FIC</subfield>
    <subfield code="a">001</subfield>
    <subfield code="b">001</subfield>
    <subfield code="c">CSS</subfield>
    <subfield code="d">2025-02-04</subfield>
    <subfield code="l">0</subfield>
    <subfield code="o">CAR 823.8 PZ7.C234937 A1 </subfield>
    <subfield code="p">2025-0169</subfield>
    <subfield code="r">2025-02-04 12:08:58</subfield>
    <subfield code="t">19</subfield>
    <subfield code="w">2025-02-04</subfield>
    <subfield code="y">BK</subfield>
  </datafield>
  <datafield tag="952" ind1=" " ind2=" ">
    <subfield code="0">0</subfield>
    <subfield code="1">0</subfield>
    <subfield code="2">ddc</subfield>
    <subfield code="4">0</subfield>
    <subfield code="7">0</subfield>
    <subfield code="8">FIC</subfield>
    <subfield code="a">001</subfield>
    <subfield code="b">001</subfield>
    <subfield code="c">CSS</subfield>
    <subfield code="d">2025-02-04</subfield>
    <subfield code="l">0</subfield>
    <subfield code="o">CAR 823.8 PZ7.C234937 A1 </subfield>
    <subfield code="p">2025-0170</subfield>
    <subfield code="r">2025-02-04 12:09:11</subfield>
    <subfield code="t">20</subfield>
    <subfield code="w">2025-02-04</subfield>
    <subfield code="y">BK</subfield>
  </datafield>
  <datafield tag="952" ind1=" " ind2=" ">
    <subfield code="0">0</subfield>
    <subfield code="1">0</subfield>
    <subfield code="2">ddc</subfield>
    <subfield code="4">0</subfield>
    <subfield code="7">0</subfield>
    <subfield code="8">FIC</subfield>
    <subfield code="a">001</subfield>
    <subfield code="b">001</subfield>
    <subfield code="c">CSS</subfield>
    <subfield code="d">2025-02-04</subfield>
    <subfield code="l">0</subfield>
    <subfield code="o">CAR 823.8 PZ7.C234937 A1 </subfield>
    <subfield code="p">2025-0171</subfield>
    <subfield code="r">2025-02-04 12:09:20</subfield>
    <subfield code="t">21</subfield>
    <subfield code="w">2025-02-04</subfield>
    <subfield code="y">BK</subfield>
  </datafield>
  <datafield tag="952" ind1=" " ind2=" ">
    <subfield code="0">0</subfield>
    <subfield code="1">0</subfield>
    <subfield code="2">ddc</subfield>
    <subfield code="4">0</subfield>
    <subfield code="7">0</subfield>
    <subfield code="8">FIC</subfield>
    <subfield code="a">001</subfield>
    <subfield code="b">001</subfield>
    <subfield code="c">CSS</subfield>
    <subfield code="d">2025-02-04</subfield>
    <subfield code="l">0</subfield>
    <subfield code="o">CAR 823.8 PZ7.C234937 A1 </subfield>
    <subfield code="p">2025-0172</subfield>
    <subfield code="r">2025-02-04 12:09:28</subfield>
    <subfield code="t">22</subfield>
    <subfield code="w">2025-02-04</subfield>
    <subfield code="y">BK</subfield>
  </datafield>
  <datafield tag="952" ind1=" " ind2=" ">
    <subfield code="0">0</subfield>
    <subfield code="1">0</subfield>
    <subfield code="2">ddc</subfield>
    <subfield code="4">0</subfield>
    <subfield code="7">0</subfield>
    <subfield code="8">FIC</subfield>
    <subfield code="a">001</subfield>
    <subfield code="b">001</subfield>
    <subfield code="c">CSS</subfield>
    <subfield code="d">2025-02-04</subfield>
    <subfield code="l">1</subfield>
    <subfield code="o">CAR 823.8 PZ7.C234937 A1 </subfield>
    <subfield code="p">2025-0173</subfield>
    <subfield code="r">2025-12-16 14:04:00</subfield>
    <subfield code="s">2025-10-28</subfield>
    <subfield code="t">23</subfield>
    <subfield code="w">2025-02-04</subfield>
    <subfield code="y">BK</subfield>
  </datafield>
  <datafield tag="952" ind1=" " ind2=" ">
    <subfield code="0">0</subfield>
    <subfield code="1">0</subfield>
    <subfield code="2">ddc</subfield>
    <subfield code="4">0</subfield>
    <subfield code="7">0</subfield>
    <subfield code="8">FIC</subfield>
    <subfield code="a">001</subfield>
    <subfield code="b">001</subfield>
    <subfield code="c">CSS</subfield>
    <subfield code="d">2025-02-04</subfield>
    <subfield code="l">0</subfield>
    <subfield code="o">CAR 823.8 PZ7.C234937 A1 </subfield>
    <subfield code="p">2025-0174</subfield>
    <subfield code="r">2025-02-04 12:09:52</subfield>
    <subfield code="t">24</subfield>
    <subfield code="w">2025-02-04</subfield>
    <subfield code="y">BK</subfield>
  </datafield>
  <datafield tag="952" ind1=" " ind2=" ">
    <subfield code="0">0</subfield>
    <subfield code="1">0</subfield>
    <subfield code="2">ddc</subfield>
    <subfield code="4">0</subfield>
    <subfield code="7">0</subfield>
    <subfield code="8">FIC</subfield>
    <subfield code="a">001</subfield>
    <subfield code="b">001</subfield>
    <subfield code="c">CSS</subfield>
    <subfield code="d">2025-02-04</subfield>
    <subfield code="l">0</subfield>
    <subfield code="o">CAR 823.8 PZ7.C234937 A1 </subfield>
    <subfield code="p">2025-0175</subfield>
    <subfield code="r">2025-02-04 12:10:05</subfield>
    <subfield code="t">25</subfield>
    <subfield code="w">2025-02-04</subfield>
    <subfield code="y">BK</subfield>
  </datafield>
  <datafield tag="952" ind1=" " ind2=" ">
    <subfield code="0">0</subfield>
    <subfield code="1">0</subfield>
    <subfield code="2">ddc</subfield>
    <subfield code="4">0</subfield>
    <subfield code="7">0</subfield>
    <subfield code="8">FIC</subfield>
    <subfield code="a">001</subfield>
    <subfield code="b">001</subfield>
    <subfield code="c">CSS</subfield>
    <subfield code="d">2025-02-04</subfield>
    <subfield code="l">0</subfield>
    <subfield code="o">CAR 823.8 PZ7.C234937 A1 </subfield>
    <subfield code="p">2025-0176</subfield>
    <subfield code="r">2025-02-04 12:10:14</subfield>
    <subfield code="t">26</subfield>
    <subfield code="w">2025-02-04</subfield>
    <subfield code="y">BK</subfield>
  </datafield>
  <datafield tag="952" ind1=" " ind2=" ">
    <subfield code="0">0</subfield>
    <subfield code="1">0</subfield>
    <subfield code="2">ddc</subfield>
    <subfield code="4">0</subfield>
    <subfield code="7">0</subfield>
    <subfield code="8">FIC</subfield>
    <subfield code="a">001</subfield>
    <subfield code="b">001</subfield>
    <subfield code="c">CSS</subfield>
    <subfield code="d">2025-02-04</subfield>
    <subfield code="l">0</subfield>
    <subfield code="o">CAR 823.8 PZ7.C234937 A1 </subfield>
    <subfield code="p">2025-0177</subfield>
    <subfield code="r">2025-02-04 12:10:26</subfield>
    <subfield code="t">27</subfield>
    <subfield code="w">2025-02-04</subfield>
    <subfield code="y">BK</subfield>
  </datafield>
  <datafield tag="952" ind1=" " ind2=" ">
    <subfield code="0">0</subfield>
    <subfield code="1">0</subfield>
    <subfield code="2">ddc</subfield>
    <subfield code="4">0</subfield>
    <subfield code="7">0</subfield>
    <subfield code="8">FIC</subfield>
    <subfield code="a">002</subfield>
    <subfield code="b">002</subfield>
    <subfield code="c">SCBTTP</subfield>
    <subfield code="d">2025-02-04</subfield>
    <subfield code="l">0</subfield>
    <subfield code="o">CAR 823.8 PZ7.C234937 A1 </subfield>
    <subfield code="p">2025-0249</subfield>
    <subfield code="r">2025-02-04 16:15:23</subfield>
    <subfield code="t">28.1</subfield>
    <subfield code="w">2025-02-04</subfield>
    <subfield code="y">BK</subfield>
  </datafield>
  <datafield tag="952" ind1=" " ind2=" ">
    <subfield code="0">0</subfield>
    <subfield code="1">0</subfield>
    <subfield code="2">ddc</subfield>
    <subfield code="4">0</subfield>
    <subfield code="7">0</subfield>
    <subfield code="8">FIC</subfield>
    <subfield code="a">002</subfield>
    <subfield code="b">002</subfield>
    <subfield code="c">SCBTTP</subfield>
    <subfield code="d">2025-02-04</subfield>
    <subfield code="l">1</subfield>
    <subfield code="o">CAR 823.8 PZ7.C234937 A1 </subfield>
    <subfield code="p">2025-0250</subfield>
    <subfield code="r">2025-09-30 10:28:46</subfield>
    <subfield code="s">2025-07-15</subfield>
    <subfield code="t">29.2</subfield>
    <subfield code="w">2025-02-04</subfield>
    <subfield code="y">BK</subfield>
  </datafield>
  <datafield tag="952" ind1=" " ind2=" ">
    <subfield code="0">0</subfield>
    <subfield code="1">0</subfield>
    <subfield code="2">ddc</subfield>
    <subfield code="4">0</subfield>
    <subfield code="7">0</subfield>
    <subfield code="8">FIC</subfield>
    <subfield code="a">002</subfield>
    <subfield code="b">002</subfield>
    <subfield code="c">SCBTTP</subfield>
    <subfield code="d">2025-02-04</subfield>
    <subfield code="l">0</subfield>
    <subfield code="o">CAR 823.8 PZ7.C234937 A1 </subfield>
    <subfield code="p">2025-0251</subfield>
    <subfield code="r">2025-02-04 16:16:02</subfield>
    <subfield code="t">30.3</subfield>
    <subfield code="w">2025-02-04</subfield>
    <subfield code="y">BK</subfield>
  </datafield>
  <datafield tag="952" ind1=" " ind2=" ">
    <subfield code="0">0</subfield>
    <subfield code="1">0</subfield>
    <subfield code="2">ddc</subfield>
    <subfield code="4">0</subfield>
    <subfield code="7">0</subfield>
    <subfield code="8">FIC</subfield>
    <subfield code="a">002</subfield>
    <subfield code="b">002</subfield>
    <subfield code="c">SBS</subfield>
    <subfield code="d">2025-02-04</subfield>
    <subfield code="l">0</subfield>
    <subfield code="o">CAR 823.8 PZ7.C234937 A1 </subfield>
    <subfield code="p">2025-0252</subfield>
    <subfield code="r">2025-02-04 16:16:17</subfield>
    <subfield code="t">31.4</subfield>
    <subfield code="w">2025-02-04</subfield>
    <subfield code="y">BK</subfield>
  </datafield>
  <datafield tag="952" ind1=" " ind2=" ">
    <subfield code="0">0</subfield>
    <subfield code="1">0</subfield>
    <subfield code="2">ddc</subfield>
    <subfield code="4">0</subfield>
    <subfield code="7">0</subfield>
    <subfield code="8">FIC</subfield>
    <subfield code="a">002</subfield>
    <subfield code="b">002</subfield>
    <subfield code="c">SCBTTP</subfield>
    <subfield code="d">2025-02-04</subfield>
    <subfield code="l">0</subfield>
    <subfield code="o">CAR 823.8 PZ7.C234937 A1 </subfield>
    <subfield code="p">2025-0253</subfield>
    <subfield code="r">2025-02-04 16:16:31</subfield>
    <subfield code="t">32.5</subfield>
    <subfield code="w">2025-02-04</subfield>
    <subfield code="y">BK</subfield>
  </datafield>
  <datafield tag="952" ind1=" " ind2=" ">
    <subfield code="0">0</subfield>
    <subfield code="1">0</subfield>
    <subfield code="2">ddc</subfield>
    <subfield code="4">0</subfield>
    <subfield code="7">0</subfield>
    <subfield code="8">FIC</subfield>
    <subfield code="a">002</subfield>
    <subfield code="b">002</subfield>
    <subfield code="c">SCBTTP</subfield>
    <subfield code="d">2025-02-04</subfield>
    <subfield code="l">0</subfield>
    <subfield code="o">CAR 823.8 PZ7.C234937 A1 </subfield>
    <subfield code="p">2025-0254</subfield>
    <subfield code="r">2025-02-04 16:18:34</subfield>
    <subfield code="t">33.6</subfield>
    <subfield code="w">2025-02-04</subfield>
    <subfield code="y">BK</subfield>
  </datafield>
  <datafield tag="952" ind1=" " ind2=" ">
    <subfield code="0">0</subfield>
    <subfield code="1">0</subfield>
    <subfield code="2">ddc</subfield>
    <subfield code="4">0</subfield>
    <subfield code="7">0</subfield>
    <subfield code="8">FIC</subfield>
    <subfield code="a">002</subfield>
    <subfield code="b">002</subfield>
    <subfield code="c">SCBTTP</subfield>
    <subfield code="d">2025-02-04</subfield>
    <subfield code="l">0</subfield>
    <subfield code="o">CAR 823.8 PZ7.C234937 A1 </subfield>
    <subfield code="p">2025-0255</subfield>
    <subfield code="r">2025-02-04 16:18:46</subfield>
    <subfield code="t">34.7</subfield>
    <subfield code="w">2025-02-04</subfield>
    <subfield code="y">BK</subfield>
  </datafield>
  <datafield tag="952" ind1=" " ind2=" ">
    <subfield code="0">0</subfield>
    <subfield code="1">0</subfield>
    <subfield code="2">ddc</subfield>
    <subfield code="4">0</subfield>
    <subfield code="7">0</subfield>
    <subfield code="8">FIC</subfield>
    <subfield code="a">002</subfield>
    <subfield code="b">002</subfield>
    <subfield code="c">SCBTTP</subfield>
    <subfield code="d">2025-02-04</subfield>
    <subfield code="l">0</subfield>
    <subfield code="o">CAR 823.8 PZ7.C234937 A1 </subfield>
    <subfield code="p">2025-0256</subfield>
    <subfield code="r">2025-02-04 16:19:09</subfield>
    <subfield code="t">35.8</subfield>
    <subfield code="w">2025-02-04</subfield>
    <subfield code="y">BK</subfield>
  </datafield>
  <datafield tag="952" ind1=" " ind2=" ">
    <subfield code="0">0</subfield>
    <subfield code="1">0</subfield>
    <subfield code="2">ddc</subfield>
    <subfield code="4">0</subfield>
    <subfield code="7">0</subfield>
    <subfield code="8">FIC</subfield>
    <subfield code="a">002</subfield>
    <subfield code="b">002</subfield>
    <subfield code="c">SCBTTP</subfield>
    <subfield code="d">2025-02-04</subfield>
    <subfield code="l">0</subfield>
    <subfield code="o">CAR 823.8 PZ7.C234937 A1 </subfield>
    <subfield code="p">2025-0257</subfield>
    <subfield code="r">2025-02-04 16:19:25</subfield>
    <subfield code="t">36.9</subfield>
    <subfield code="w">2025-02-04</subfield>
    <subfield code="y">BK</subfield>
  </datafield>
  <datafield tag="952" ind1=" " ind2=" ">
    <subfield code="0">0</subfield>
    <subfield code="1">0</subfield>
    <subfield code="2">ddc</subfield>
    <subfield code="4">0</subfield>
    <subfield code="7">0</subfield>
    <subfield code="8">FIC</subfield>
    <subfield code="a">002</subfield>
    <subfield code="b">002</subfield>
    <subfield code="c">SCBTTP</subfield>
    <subfield code="d">2025-02-04</subfield>
    <subfield code="l">0</subfield>
    <subfield code="o">CAR 823.8 PZ7.C234937 A1 </subfield>
    <subfield code="p">2025-0258</subfield>
    <subfield code="r">2025-02-04 16:19:35</subfield>
    <subfield code="t">37.10</subfield>
    <subfield code="w">2025-02-04</subfield>
    <subfield code="y">BK</subfield>
  </datafield>
  <datafield tag="952" ind1=" " ind2=" ">
    <subfield code="0">0</subfield>
    <subfield code="1">0</subfield>
    <subfield code="2">ddc</subfield>
    <subfield code="4">0</subfield>
    <subfield code="7">0</subfield>
    <subfield code="8">FIC</subfield>
    <subfield code="a">002</subfield>
    <subfield code="b">002</subfield>
    <subfield code="c">SCBTTP</subfield>
    <subfield code="d">2025-02-04</subfield>
    <subfield code="l">0</subfield>
    <subfield code="o">CAR 823.8 PZ7.C234937 A1 </subfield>
    <subfield code="p">2025-0259</subfield>
    <subfield code="r">2025-02-04 16:19:46</subfield>
    <subfield code="t">38.11</subfield>
    <subfield code="w">2025-02-04</subfield>
    <subfield code="y">BK</subfield>
  </datafield>
  <datafield tag="952" ind1=" " ind2=" ">
    <subfield code="0">0</subfield>
    <subfield code="1">0</subfield>
    <subfield code="2">ddc</subfield>
    <subfield code="4">0</subfield>
    <subfield code="7">0</subfield>
    <subfield code="8">FIC</subfield>
    <subfield code="a">002</subfield>
    <subfield code="b">002</subfield>
    <subfield code="c">SCBTTP</subfield>
    <subfield code="d">2025-02-04</subfield>
    <subfield code="l">0</subfield>
    <subfield code="o">CAR 823.8 PZ7.C234937 A1 </subfield>
    <subfield code="p">2025-0260</subfield>
    <subfield code="r">2025-02-04 16:19:54</subfield>
    <subfield code="t">39.12</subfield>
    <subfield code="w">2025-02-04</subfield>
    <subfield code="y">BK</subfield>
  </datafield>
  <datafield tag="952" ind1=" " ind2=" ">
    <subfield code="0">0</subfield>
    <subfield code="1">0</subfield>
    <subfield code="2">ddc</subfield>
    <subfield code="4">0</subfield>
    <subfield code="7">0</subfield>
    <subfield code="8">FIC</subfield>
    <subfield code="a">002</subfield>
    <subfield code="b">002</subfield>
    <subfield code="c">SCBTTP</subfield>
    <subfield code="d">2025-02-04</subfield>
    <subfield code="l">0</subfield>
    <subfield code="o">CAR 823.8 PZ7.C234937 A1 </subfield>
    <subfield code="p">2025-0261</subfield>
    <subfield code="r">2025-02-04 16:20:04</subfield>
    <subfield code="t">40.13</subfield>
    <subfield code="w">2025-02-04</subfield>
    <subfield code="y">BK</subfield>
  </datafield>
  <datafield tag="952" ind1=" " ind2=" ">
    <subfield code="0">0</subfield>
    <subfield code="1">0</subfield>
    <subfield code="2">ddc</subfield>
    <subfield code="4">0</subfield>
    <subfield code="7">0</subfield>
    <subfield code="8">FIC</subfield>
    <subfield code="a">002</subfield>
    <subfield code="b">002</subfield>
    <subfield code="c">SCBTTP</subfield>
    <subfield code="d">2025-02-04</subfield>
    <subfield code="l">1</subfield>
    <subfield code="o">CAR 823.8 PZ7.C234937 A1 </subfield>
    <subfield code="p">2025-0262</subfield>
    <subfield code="r">2025-03-14 13:33:23</subfield>
    <subfield code="s">2025-03-07</subfield>
    <subfield code="t">41.14</subfield>
    <subfield code="w">2025-02-04</subfield>
    <subfield code="y">BK</subfield>
  </datafield>
  <datafield tag="952" ind1=" " ind2=" ">
    <subfield code="0">0</subfield>
    <subfield code="1">0</subfield>
    <subfield code="2">ddc</subfield>
    <subfield code="4">0</subfield>
    <subfield code="7">0</subfield>
    <subfield code="8">FIC</subfield>
    <subfield code="a">002</subfield>
    <subfield code="b">002</subfield>
    <subfield code="c">SCBTTP</subfield>
    <subfield code="d">2025-02-04</subfield>
    <subfield code="l">1</subfield>
    <subfield code="o">CAR 823.8 PZ7.C234937 A1 </subfield>
    <subfield code="p">2025-0263</subfield>
    <subfield code="r">2025-03-28 14:06:28</subfield>
    <subfield code="s">2025-02-19</subfield>
    <subfield code="t">42.15</subfield>
    <subfield code="w">2025-02-04</subfield>
    <subfield code="y">BK</subfield>
  </datafield>
  <datafield tag="952" ind1=" " ind2=" ">
    <subfield code="0">0</subfield>
    <subfield code="1">0</subfield>
    <subfield code="2">ddc</subfield>
    <subfield code="4">0</subfield>
    <subfield code="7">0</subfield>
    <subfield code="8">FIC</subfield>
    <subfield code="a">002</subfield>
    <subfield code="b">002</subfield>
    <subfield code="c">SCBTTP</subfield>
    <subfield code="d">2025-02-04</subfield>
    <subfield code="l">0</subfield>
    <subfield code="o">CAR 823.8 PZ7.C234937 A1 </subfield>
    <subfield code="p">2025-0264</subfield>
    <subfield code="r">2025-02-04 16:20:35</subfield>
    <subfield code="t">43.16</subfield>
    <subfield code="w">2025-02-04</subfield>
    <subfield code="y">BK</subfield>
  </datafield>
  <datafield tag="952" ind1=" " ind2=" ">
    <subfield code="0">0</subfield>
    <subfield code="1">0</subfield>
    <subfield code="2">ddc</subfield>
    <subfield code="4">0</subfield>
    <subfield code="7">0</subfield>
    <subfield code="8">FIC</subfield>
    <subfield code="a">002</subfield>
    <subfield code="b">002</subfield>
    <subfield code="c">SCBTTP</subfield>
    <subfield code="d">2025-02-04</subfield>
    <subfield code="l">1</subfield>
    <subfield code="o">CAR 823.8 PZ7.C234937 A1 </subfield>
    <subfield code="p">2025-0265</subfield>
    <subfield code="r">2025-05-05 14:03:03</subfield>
    <subfield code="s">2025-05-05</subfield>
    <subfield code="t">44.17</subfield>
    <subfield code="w">2025-02-04</subfield>
    <subfield code="y">BK</subfield>
  </datafield>
  <datafield tag="952" ind1=" " ind2=" ">
    <subfield code="0">0</subfield>
    <subfield code="1">0</subfield>
    <subfield code="2">ddc</subfield>
    <subfield code="4">0</subfield>
    <subfield code="7">0</subfield>
    <subfield code="8">FIC</subfield>
    <subfield code="a">002</subfield>
    <subfield code="b">002</subfield>
    <subfield code="c">SCBTTP</subfield>
    <subfield code="d">2025-02-04</subfield>
    <subfield code="l">0</subfield>
    <subfield code="o">CAR 823.8 PZ7.C234937 A1 </subfield>
    <subfield code="p">2025-0266</subfield>
    <subfield code="r">2025-02-04 16:20:57</subfield>
    <subfield code="t">45.18</subfield>
    <subfield code="w">2025-02-04</subfield>
    <subfield code="y">BK</subfield>
  </datafield>
  <datafield tag="952" ind1=" " ind2=" ">
    <subfield code="0">0</subfield>
    <subfield code="1">0</subfield>
    <subfield code="2">ddc</subfield>
    <subfield code="4">0</subfield>
    <subfield code="7">0</subfield>
    <subfield code="8">FIC</subfield>
    <subfield code="a">002</subfield>
    <subfield code="b">002</subfield>
    <subfield code="c">SCBTTP</subfield>
    <subfield code="d">2025-02-04</subfield>
    <subfield code="l">1</subfield>
    <subfield code="o">CAR 823.8 PZ7.C234937 A1 </subfield>
    <subfield code="p">2025-0267</subfield>
    <subfield code="r">2026-02-06 10:26:11</subfield>
    <subfield code="s">2026-02-06</subfield>
    <subfield code="t">46.19</subfield>
    <subfield code="w">2025-02-04</subfield>
    <subfield code="y">BK</subfield>
  </datafield>
  <datafield tag="952" ind1=" " ind2=" ">
    <subfield code="0">0</subfield>
    <subfield code="1">0</subfield>
    <subfield code="2">ddc</subfield>
    <subfield code="4">0</subfield>
    <subfield code="7">0</subfield>
    <subfield code="8">FIC</subfield>
    <subfield code="a">002</subfield>
    <subfield code="b">002</subfield>
    <subfield code="c">SCBTTP</subfield>
    <subfield code="d">2025-02-04</subfield>
    <subfield code="l">0</subfield>
    <subfield code="o">CAR 823.8 PZ7.C234937 A1 </subfield>
    <subfield code="p">2025-0268</subfield>
    <subfield code="r">2025-02-04 16:21:15</subfield>
    <subfield code="t">47.20</subfield>
    <subfield code="w">2025-02-04</subfield>
    <subfield code="y">BK</subfield>
  </datafield>
  <datafield tag="952" ind1=" " ind2=" ">
    <subfield code="0">0</subfield>
    <subfield code="1">0</subfield>
    <subfield code="2">ddc</subfield>
    <subfield code="4">0</subfield>
    <subfield code="7">0</subfield>
    <subfield code="8">FIC</subfield>
    <subfield code="a">002</subfield>
    <subfield code="b">002</subfield>
    <subfield code="c">SCBTTP</subfield>
    <subfield code="d">2025-02-04</subfield>
    <subfield code="l">1</subfield>
    <subfield code="o">CAR 823.8 PZ7.C234937 A1 </subfield>
    <subfield code="p">2025-0269</subfield>
    <subfield code="r">2025-11-10 08:11:58</subfield>
    <subfield code="s">2025-10-31</subfield>
    <subfield code="t">48.21</subfield>
    <subfield code="w">2025-02-04</subfield>
    <subfield code="y">BK</subfield>
  </datafield>
  <datafield tag="952" ind1=" " ind2=" ">
    <subfield code="0">0</subfield>
    <subfield code="1">0</subfield>
    <subfield code="2">ddc</subfield>
    <subfield code="4">0</subfield>
    <subfield code="7">0</subfield>
    <subfield code="8">FIC</subfield>
    <subfield code="a">002</subfield>
    <subfield code="b">002</subfield>
    <subfield code="c">SCBTTP</subfield>
    <subfield code="d">2025-02-04</subfield>
    <subfield code="l">0</subfield>
    <subfield code="o">CAR 823.8 PZ7.C234937 A1 </subfield>
    <subfield code="p">2025-0270</subfield>
    <subfield code="r">2025-02-04 16:21:33</subfield>
    <subfield code="t">49.22</subfield>
    <subfield code="w">2025-02-04</subfield>
    <subfield code="y">BK</subfield>
  </datafield>
  <datafield tag="952" ind1=" " ind2=" ">
    <subfield code="0">0</subfield>
    <subfield code="1">0</subfield>
    <subfield code="2">ddc</subfield>
    <subfield code="4">0</subfield>
    <subfield code="7">0</subfield>
    <subfield code="8">FIC</subfield>
    <subfield code="a">002</subfield>
    <subfield code="b">002</subfield>
    <subfield code="c">SCBTTP</subfield>
    <subfield code="d">2025-02-04</subfield>
    <subfield code="l">0</subfield>
    <subfield code="o">CAR 823.8 PZ7.C234937 A1 </subfield>
    <subfield code="p">2025-0271</subfield>
    <subfield code="r">2025-02-04 16:21:43</subfield>
    <subfield code="t">50.23</subfield>
    <subfield code="w">2025-02-04</subfield>
    <subfield code="y">BK</subfield>
  </datafield>
  <datafield tag="952" ind1=" " ind2=" ">
    <subfield code="0">0</subfield>
    <subfield code="1">0</subfield>
    <subfield code="2">ddc</subfield>
    <subfield code="4">0</subfield>
    <subfield code="7">0</subfield>
    <subfield code="8">FIC</subfield>
    <subfield code="a">002</subfield>
    <subfield code="b">002</subfield>
    <subfield code="c">SCBTTP</subfield>
    <subfield code="d">2025-02-04</subfield>
    <subfield code="l">0</subfield>
    <subfield code="o">CAR 823.8 PZ7.C234937 A1 </subfield>
    <subfield code="p">2025-0272</subfield>
    <subfield code="r">2025-02-04 16:21:53</subfield>
    <subfield code="t">51.24</subfield>
    <subfield code="w">2025-02-04</subfield>
    <subfield code="y">BK</subfield>
  </datafield>
  <datafield tag="952" ind1=" " ind2=" ">
    <subfield code="0">0</subfield>
    <subfield code="1">0</subfield>
    <subfield code="2">ddc</subfield>
    <subfield code="4">0</subfield>
    <subfield code="7">0</subfield>
    <subfield code="8">FIC</subfield>
    <subfield code="a">002</subfield>
    <subfield code="b">002</subfield>
    <subfield code="c">SCBTTP</subfield>
    <subfield code="d">2025-02-04</subfield>
    <subfield code="l">0</subfield>
    <subfield code="o">CAR 823.8 PZ7.C234937 A1 </subfield>
    <subfield code="p">2025-0273</subfield>
    <subfield code="r">2025-02-04 16:22:02</subfield>
    <subfield code="t">52.25</subfield>
    <subfield code="w">2025-02-04</subfield>
    <subfield code="y">BK</subfield>
  </datafield>
  <datafield tag="952" ind1=" " ind2=" ">
    <subfield code="0">0</subfield>
    <subfield code="1">0</subfield>
    <subfield code="2">ddc</subfield>
    <subfield code="4">0</subfield>
    <subfield code="7">0</subfield>
    <subfield code="8">FIC</subfield>
    <subfield code="a">002</subfield>
    <subfield code="b">002</subfield>
    <subfield code="c">SCBTTP</subfield>
    <subfield code="d">2025-02-04</subfield>
    <subfield code="l">0</subfield>
    <subfield code="o">CAR 823.8 PZ7.C234937 A1 </subfield>
    <subfield code="p">2025-0274</subfield>
    <subfield code="r">2025-02-04 16:24:51</subfield>
    <subfield code="t">53.26</subfield>
    <subfield code="w">2025-02-04</subfield>
    <subfield code="y">BK</subfield>
  </datafield>
  <datafield tag="952" ind1=" " ind2=" ">
    <subfield code="0">0</subfield>
    <subfield code="1">0</subfield>
    <subfield code="2">ddc</subfield>
    <subfield code="4">0</subfield>
    <subfield code="7">0</subfield>
    <subfield code="8">FIC</subfield>
    <subfield code="a">002</subfield>
    <subfield code="b">002</subfield>
    <subfield code="c">SCBTTP</subfield>
    <subfield code="d">2025-02-05</subfield>
    <subfield code="l">0</subfield>
    <subfield code="o">CAR 823.8 PZ7.C234937 A1 </subfield>
    <subfield code="p">2025-0275</subfield>
    <subfield code="r">2025-02-05 09:20:52</subfield>
    <subfield code="t">54.27</subfield>
    <subfield code="w">2025-02-05</subfield>
    <subfield code="y">BK</subfield>
  </datafield>
</record>
